Les 20 plus grandes villes de France sans la lettre S - Statistiques

Statistiques générales
  • Ce quiz a été pris 69 fois
  • Le résultat moyen est 14 sur 20
Statistiques - réponses
Numéro Rang original Ville % Correct
1 3 Lyon
98%
2 5 Nice
98%
5 10 Lille
95%
4 9 Bordeaux
94%
3 7 Montpellier
90%
7 15 Le Havre
86%
14 31 Metz
84%
10 19 Grenoble
83%
6 12 Toulon
83%
19 38 Caen
81%
9 17 Dijon
81%
17 36 Rouen
78%
15 32 Perpignan
71%
13 29 Annecy
67%
12 24 Clermont-Ferrand
67%
8 16 Villeurbanne
59%
16 33 Boulogne-Billancourt
41%
18 37 Montreuil
33%
20 39 Argenteuil
30%
11 23 Aix-en-Provence
27%
Aucun quiz correspondant
Distribution des résultats
% des personnes avec chaque résultat
Percentile par nombre de réponses
Votre historique - résultats
Vous n’avez pas pris ce quiz